Weaving a website : (Record no. 48826)

MARC details
000 -LEADER
fixed length control field 01113cam a2200325 a 4500
001 - CONTROL NUMBER
control field 12660789
003 - CONTROL NUMBER IDENTIFIER
control field OSt
005 - DATE AND TIME OF LATEST TRANSACTION
control field 20170220114655.0
008 - FIXED-LENGTH DATA ELEMENTS--GENERAL INFORMATION
fixed length control field 020129s2002 njua 001 0 eng c
010 ## - LIBRARY OF CONGRESS CONTROL NUMBER
LC control number 2002276099
020 ## - INTERNATIONAL STANDARD BOOK NUMBER
International Standard Book Number 0130282200
020 ## - INTERNATIONAL STANDARD BOOK NUMBER
International Standard Book Number 9780130282200
035 ## - SYSTEM CONTROL NUMBER
System control number (OCoLC)ocm45339846
040 ## - CATALOGING SOURCE
Original cataloging agency UKM
Transcribing agency UKM
Modifying agency FUG
-- DLC
042 ## - AUTHENTICATION CODE
Authentication code pcc
050 00 - LIBRARY OF CONGRESS CALL NUMBER
Classification number QA76.625
Item number .A53 2002
082 00 - DEWEY DECIMAL CLASSIFICATION NUMBER
Classification number 005.2/76
Edition number 21
100 1# - MAIN ENTRY--PERSONAL NAME
Personal name Anderson-Freed, Susan.
245 10 - TITLE STATEMENT
Title Weaving a website :
Remainder of title programming in HTML, JavaScript, Perl and Java /
Statement of responsibility, etc Susan Anderson-Freed.
260 ## - PUBLICATION, DISTRIBUTION, ETC. (IMPRINT)
Place of publication, distribution, etc Upper Saddle River, NJ ;
-- London :
Name of publisher, distributor, etc Prentice Hall,
Date of publication, distribution, etc 2002.
300 ## - PHYSICAL DESCRIPTION
Extent xvi, 712 p. :
Other physical details ill. ;
Dimensions 24 cm.
500 ## - GENERAL NOTE
General note JavaScript and Java appear with trademark (TM) symbol on title page.
525 ## - SUPPLEMENT NOTE
Supplement note Includes index.
650 #0 - SUBJECT ADDED ENTRY--TOPICAL TERM
Topical term or geographic name as entry element Internet programming.
650 #0 - SUBJECT ADDED ENTRY--TOPICAL TERM
Topical term or geographic name as entry element Web site development.
650 #0 - SUBJECT ADDED ENTRY--TOPICAL TERM
Topical term or geographic name as entry element Web sites
General subdivision Design.
906 ## - LOCAL DATA ELEMENT F, LDF (RLIN)
a 7
b cbc
c pccadap
d 2
e ncip
f 20
g y-gencatlg
942 ## - ADDED ENTRY ELEMENTS (KOHA)
Source of classification or shelving scheme Library of Congress Classification
Koha item type Book
Holdings
Withdrawn status Lost status Source of classification or shelving scheme Damaged status Not for loan Collection code Home library Current library Shelving location Date acquired Source of acquisition Cost, normal purchase price Total Checkouts Full call number Barcode Date checked out Copy number Price effective from Koha item type
    Library of Congress Classification     Non-fiction Bishop Okullu Memorial Library (Limuru Campus) Bishop Okullu Memorial Library (Limuru Campus) General Circulation 20/02/2017 Donation-BFA 2000.00 1 QA76.625 .A53 2002 050906 19/03/2019 1 20/02/2017 Book